[Event "SVK-chT4 A22 1819"]
[Site "Slovakia"]
[Date "2019.03.03"]
[Round "10.4"]
[White "Foltinovic, Tomas"]
[Black "Fajnor, Dusan"]
[Result "0-1"]
[WhiteElo "1718"]
[BlackElo "1641"]
[PlyCount "70"]
[EventDate "2018.10.14"]
[EventType "team-tourn"]
[EventRounds "11"]
[EventCountry "SVK"]
[SourceTitle "EXT 2020"]
[Source "ChessBase"]
[SourceDate "2019.10.17"]
[SourceVersion "1"]
[SourceVersionDate "2019.10.17"]
[SourceQuality "1"]

1. b4 e6 2. Bb2 Nf6 3. a3 a6 4. e3 b5 5. c4 bxc4 6. Bxc4 Bb7 7. Nf3 Be7 8. 0-0 0-0 9. Be2 c5 10. bxc5 Bxc5 11. Nc3 Nc6 12. Na4 Be7 13. Ne5 Nxe5 14. Bxe5 Qa5 15. Bc3 Qg5 16. f3 h5 17. Nb6 Rab8 18. Bxf6 Bxf6 19. Nxd7 Bxa1 20. Nxb8 Rxb8 21. Qxa1 Rd8 22. Qb2 Qd5 23. Rd1 a5 24. Qb5 h4 25. Qxd5 Bxd5 26. d4 Rc8 27. Bb5 Rc3 28. Rd3 Rc1+ 29. Kf2 Rc2+ 30. Kf1 f5 31. Ba4 Rc4 32. Bd1 Rc1 33. Ke1 Bc4 34. Kd2 Rxd1+ 35. Kxd1 Bxd3 0-1

[Event "SVK-chT4 A22 1819"]
[Site "Slovakia"]
[Date "2019.02.17"]
[Round "9.3"]
[White "Fajnor, Dusan"]
[Black "Skreko, Igor1"]
[Result "0-1"]
[WhiteElo "1663"]
[BlackElo "1454"]
[PlyCount "68"]
[EventDate "2018.10.14"]
[EventType "team-tourn"]
[EventRounds "11"]
[EventCountry "SVK"]
[SourceTitle "EXT 2020"]
[Source "ChessBase"]
[SourceDate "2019.10.17"]
[SourceVersion "1"]
[SourceVersionDate "2019.10.17"]
[SourceQuality "1"]

1. d4 Nf6 2. c4 e6 3. Nc3 c5 4. e3 cxd4 5. exd4 d5 6. Nf3 Nc6 7. Be3 Be7 8. Bd3 0-0 9. 0-0 b6 10. Qc2 Nb4 11. Qd2 Nxd3 12. Qxd3 Ba6 13. b3 Rc8 14. Nb5 Bxb5 15. cxb5 Bd6 16. Rfc1 Qd7 17. Rc2 Rxc2 18. Qxc2 Rc8 19. Qd3 Qc7 20. Qe2 Ne4 21. Rc1 Qxc1+ 22. Bxc1 Rxc1+ 23. Ne1 Bb4 24. Kf1 Rxe1+ 25. Qxe1 Bxe1 26. Kxe1 Kf8 27. f3 Nd6 28. Kd2 Nxb5 29. Kd3 Ke7 30. a4 Nd6 31. g4 f6 32. h4 e5 33. h5 Ke6 34. Ke3 f5 0-1

[Event "SVK-chT4 A22 1819"]
[Site "Slovakia"]
[Date "2018.11.11"]
[Round "3.2"]
[White "Fajnor, Dusan"]
[Black "Janas, Peter"]
[Result "1-0"]
[WhiteElo "1591"]
[BlackElo "1733"]
[PlyCount "97"]
[EventDate "2018.10.14"]
[EventType "team-tourn"]
[EventRounds "11"]
[EventCountry "SVK"]
[SourceTitle "EXT 2020"]
[Source "ChessBase"]
[SourceDate "2019.10.17"]
[SourceVersion "1"]
[SourceVersionDate "2019.10.17"]
[SourceQuality "1"]

1. d4 d5 2. c4 c6 3. Nc3 e6 4. Nf3 Nf6 5. Bg5 Be7 6. e3 0-0 7. Bd3 h6 8. Bf4 Nbd7 9. Qc2 Re8 10. 0-0 dxc4 11. Bxc4 Nd5 12. Nxd5 exd5 13. Bd3 Bf6 14. Rab1 Nf8 15. h3 Ne6 16. Bg3 Ng5 17. Nxg5 Bxg5 18. Be5 Bf6 19. Bh2 Be7 20. b4 a6 21. a4 Bd6 22. Bxd6 Qxd6 23. Rfc1 Bd7 24. b5 axb5 25. axb5 Ra5 26. bxc6 Bxc6 27. Rb6 g6 28. Rcb1 Rea8 29. g3 Ra2 30. R6b2 R2a3 31. Bb5 Qd7 32. Kg2 R3a7 33. Bxc6 bxc6 34. Rb8+ Kg7 35. Rxa8 Rxa8 36. Qc5 g5 37. Rc1 Rc8 38. f3 Qe6 39. Qa3 Qe8 40. Qd3 Rb8 41. Rc2 Rb4 42. e4 dxe4 43. fxe4 Qd7 44. d5 Rb8 45. Rxc6 Rd8 46. Qd4+ Kf8 47. Qh8+ Ke7 48. Qe5+ Kf8 49. Rxh6 1-0

[Event "SVK-chT4 A22 1718"]
[Site "Slovakia"]
[Date "2017.11.26"]
[Round "5.5"]
[White "Kiss, Balazs5"]
[Black "Fajnor, Dusan"]
[Result "1-0"]
[WhiteElo "1287"]
[BlackElo "1614"]
[PlyCount "51"]
[EventDate "2017.10.01"]
[EventType "team-tourn"]
[EventRounds "11"]
[EventCountry "SVK"]
[SourceTitle "EXT 2020"]
[Source "ChessBase"]
[SourceDate "2019.10.17"]
[SourceVersion "1"]
[SourceVersionDate "2019.10.17"]
[SourceQuality "1"]

1. e4 c5 2. Nf3 d6 3. Nc3 Nc6 4. d3 Nf6 5. h3 g6 6. Be3 Bg7 7. d4 cxd4 8. Nxd4 Bd7 9. Qd2 a6 10. 0-0-0 Rc8 11. f4 0-0 12. Nf3 b5 13. b3 b4 14. Na4 Nxe4 15. Qe1 a5 16. Bb6 Nc3 17. Bxd8 Nxa2+ 18. Kb1 Nc3+ 19. Nxc3 Bxc3 20. Qh4 Rfxd8 21. Ng5 h5 22. Bc4 e6 23. g4 d5 24. gxh5 dxc4 25. hxg6 Be8 26. gxf7+ 1-0

[Event "Piestany op"]
[Site "Piestany"]
[Date "2013.11.19"]
[Round "3"]
[White "Fajnor, Dusan"]
[Black "Miciak, Emanuel"]
[Result "0-1"]
[WhiteElo "1285"]
[BlackElo "1896"]
[PlyCount "74"]
[EventDate "2013.11.18"]
[EventType "swiss"]
[EventRounds "7"]
[EventCountry "SVK"]
[SourceTitle "CBM 157 Extra"]
[Source "ChessBase"]
[SourceDate "2013.12.19"]
[SourceVersion "1"]
[SourceVersionDate "2013.12.19"]
[SourceQuality "1"]

1. e4 e5 2. Nf3 Nc6 3. Bc4 Bc5 4. b4 Bxb4 5. c3 Be7 6. Qb3 Nh6 7. Qc2 d6 8. d4 Ng4 9. Nbd2 0-0 10. 0-0 Bd7 11. Re1 Qc8 12. Qd3 a6 13. Bb2 Na5 14. a4 Nxc4 15. Qxc4 Be6 16. d5 Bd7 17. a5 g6 18. Qd3 f5 19. c4 f4 20. Qa3 Qd8 21. Qc3 Bf6 22. Ba3 g5 23. c5 Bb5 24. g3 Nxf2 25. Kxf2 g4 26. Rg1 fxg3+ 27. Rxg3 Bh4 28. Rag1 Kh8 29. Ke3 Bxg3 30. Rxg3 gxf3 31. Nxf3 Qf6 32. Kf2 Rae8 33. Qe3 Rg8 34. Bb4 Rxg3 35. hxg3 Rf8 36. Kg2 Bd7 37. Nh4 Qf1+ 0-1

[Event "OP-2013-0-02728"]
[Site "LSS email"]
[Date "2013.04.13"]
[Round "?"]
[White "Fajnor, Dusan"]
[Black "Kepinski, Janusz"]
[Result "0-1"]
[WhiteElo "1000"]
[BlackElo "1216"]
[PlyCount "26"]
[EventDate "2013.04.10"]
[EventType "tourn (corr)"]
[EventRounds "4"]
[EventCountry "GER"]
[SourceTitle "Corr 2015"]
[Source "ChessBase"]
[SourceDate "2015.07.17"]
[SourceVersion "1"]
[SourceVersionDate "2015.07.17"]
[SourceQuality "1"]

1. e4 e6 2. d4 d5 3. Nd2 Nf6 4. e5 Ne4 5. f3 Nxd2 6. Bxd2 c5 7. c3 cxd4 8. cxd4 Nc6 9. Ne2 Nxd4 10. Nxd4 Qh4+ 11. g3 Qxd4 12. Bb5+ Bd7 13. Qa4 Qxa4 0-1